| 000 | | | 04536nac2a22002891x 450 |
| 001 | | | cc6285d2-cfc2-4d9d-97e9-d27c749be74c |
| 005 | | | 20131113111534.0 |
| 100 | ## | $a | 20130605l1917 k y0rusy50 ca |
| 101 | 0# | $a | rus |
| 102 | ## | $a | RU |
| 105 | ## | $a | y z ||||| |
| 122 | 0# | $a | d19170329 |
| 200 | 1# | $a | Газетные вырезки с письмом И. К. Степановского о создании вместо Постоянного совета "Временного совета дворянского объединения" |
| | $j | 29 марта 1917 |
| 215 | ## | $a | 4 листа |
| 251 | ## | $c | Дело |
| 300 | ## | $a | Заголовки на вложенных папках: Газетные вырезки с письмом И. К. Степановского о создании вместо Постоянного совета "Временного комитета дворянского объединения"; О создании вместо Постоянного совета Временного комитета дворянского объединения (открытое письмо И. К. Степановского) |
| 300 | ## | $a | Часть текста рукописная, часть - напечатана типографским способом |
| 330 | ## | $a | IV. Переписка Постоянного совета по вопросам объединенного дворянства, по финляндскому вопросу, о печатном органе, о юбилейных праздниках, об архивах дворянских собраний и о деятельности представителей высшего духовенства /1906-1917 гг./ |
| 461 | #0 | $1 | 001b6db1e6b-efcc-4108-961b-a8f75be6354f |
| | $1 | 2001 |
| | $a | Постоянный совет объединенных дворянских обществ |
| | $1 | 251 |
| | $c | Фонд |
| | $1 | 852 |
| | $j | 434 |
| 462 | #0 | $1 | 001376737bd-14a2-4097-a3d5-a02b2aa0e2d3 |
| | $1 | 2001 |
| | $a | Постоянный совет объединенных дворянских обществ. 1906-1917 гг. |
| | $1 | 251 |
| | $c | Опись |
| | $1 | 852 |
| | $j | 1 |
| 517 | ## | $a | Газетные вырезки с письмом И. К. Степановского о создании вместо Постоянного совета "Временного комитета дворянского объединения" |
| 517 | ## | $a | О создании вместо Постоянного совета Временного комитета дворянского объединения (открытое письмо И. К. Степановского) |
| 600 | #1 | $a | Степановский |
| | $b | И. К. |
| 601 | 02 | $3 | RU\NLR\AUTH\8810165427 |
| | $a | Постоянный совет объединенных дворянских обществ |
| | $c | Петербург |
| 801 | #0 | $a | RU |
| | $b | GA_RF |
| 801 | #1 | $a | RU |
| | $b | НПО Опыт |
| | $c | 20130605 |
| | $2 | rusmarc |
| 801 | #2 | $a | RU |
| | $b | ПБ им. Б.Н. Ельцина |
| | $c | 20131113 |
| | $g | RCR |
| | $2 | rusmarc |
| 852 | ## | $a | ГА РФ |
| | $j | 142 |
| 937 | ## | $d | 41517754 |
| | $h | ПБ |
| 035 | ## | $a | RuPRLIB51007086 |